The Jewish Tradition – Does it Matter?

Introduction to the three conference presentations from the seminar at the University of Oslo in March, 2018.

Saved in:  
Bibliographic Details
Main Author: Illman, Ruth (Author)
Format: Electronic Article
Language:English
Check availability: HBZ Gateway
Interlibrary Loan:Interlibrary Loan for the Fachinformationsdienste (Specialized Information Services in Germany)
Published: 2018
In: Nordisk judaistik
Year: 2018, Volume: 29, Issue: 2, Pages: 17-17
Online Access: Presumably Free Access
Volltext (lizenzpflichtig)
Volltext (lizenzpflichtig)

MARC

LEADER 00000naa a22000002c 4500
001 1838461507
003 DE-627
005 20230307124024.0
007 cr uuu---uuuuu
008 230307s2018 xx |||||o 00| ||eng c
024 7 |a 10.30752/nj.75677  |2 doi 
035 |a (DE-627)1838461507 
035 |a (DE-599)KXP1838461507 
040 |a DE-627  |b ger  |c DE-627  |e rda 
041 |a eng 
084 |a 0  |2 ssgn 
100 1 |a Illman, Ruth  |e VerfasserIn  |4 aut 
245 1 4 |a The Jewish Tradition – Does it Matter? 
264 1 |c 2018 
336 |a Text  |b txt  |2 rdacontent 
337 |a Computermedien  |b c  |2 rdamedia 
338 |a Online-Ressource  |b cr  |2 rdacarrier 
520 |a Introduction to the three conference presentations from the seminar at the University of Oslo in March, 2018. 
773 0 8 |i Enthalten in  |t Nordisk judaistik  |d Åbo : Donner Institute, 2016  |g 29(2018), 2, Seite 17-17  |h Online-Ressource  |w (DE-627)870166158  |w (DE-600)2871196-8  |w (DE-576)47815240X  |x 2343-4929  |7 nnas 
773 1 8 |g volume:29  |g year:2018  |g number:2  |g pages:17-17 
856 |u https://journal.fi/nj/article/download/75677/37614  |x unpaywall  |z Vermutlich kostenfreier Zugang  |h publisher [deprecated] 
856 4 0 |u https://doi.org/10.30752/nj.75677  |x Resolving-System  |z lizenzpflichtig  |3 Volltext  |7 1 
856 4 0 |u https://journal.fi/nj/article/view/75677  |x Verlag  |z lizenzpflichtig  |3 Volltext  |7 1 
951 |a AR 
ELC |a 1 
LOK |0 000 xxxxxcx a22 zn 4500 
LOK |0 001 428436703X 
LOK |0 003 DE-627 
LOK |0 004 1838461507 
LOK |0 005 20230307124024 
LOK |0 008 230307||||||||||||||||ger||||||| 
LOK |0 040   |a DE-Tue135  |c DE-627  |d DE-Tue135 
LOK |0 092   |o n 
LOK |0 852   |a DE-Tue135 
LOK |0 852 1  |9 00 
LOK |0 935   |a ixzs  |a ixzo  |a rwrk 
LOK |0 939   |a 07-03-23  |b l01 
OAS |a 1 
ORI |a SA-MARC-ixtheoa001.raw 
REL |a 1 
SUB |a REL